000 00480nam a2200181Ia 4500
005 20250326124003.0
008 250326s9999 xx 000 0 und d
037 _aTextbook
040 _aFMSL
_beng
_cFMSL
041 _aeng
_2eng
084 _aX K3
_qFMSL
100 _aRobbins L
_9130930
245 0 _aEconomic problem in peace and war
_cRobbins L
260 _aLondon
_bLondon, Macmillan
_c1963
300 _a85p
942 _cTB
_hX K3
999 _c1271773
_d1271773